| 000 | 00339nam a22001457a 4500 | ||
|---|---|---|---|
| 999 |
_c707 _d707 |
||
| 003 | OSt | ||
| 005 | 20170725134124.0 | ||
| 008 | 160624b xxu||||| |||| 00| 0 eng d | ||
| 040 | _cTEST | ||
| 100 |
_9891 _aTandon, K.K |
||
| 245 | _aAfter 10+2 what | ||
| 260 |
_aNEW DELHI _bSUNIL AGARWAL _c1991 |
||
| 300 | _aAfter 10+2 what | ||
| 942 |
_2ddc _cBK |
||